000 00481nam a2200181 i 4500
001 bg
100 1 _aCERTOV, A. A.
245 0 _aZadacnik po fizike s primerami resenija zdac i spravocnymi materialami /
_cA.A. Certov, A.A. Vorober, M.F. Fedorov.
250 _aIzd.3.
260 _aMoskva,
_c1973.
700 1 _aVOROBER, A. A.
700 1 _aFEDOROV, M. F.
040 _cBPK
041 _apol
080 _a53(076)
942 _cKS
008 s pl f |000 0 pol
999 _c7624
_d7624
856 _uhttp://koha.tu.koszalin.pl/cgi-bin/koha/opac-detail.pl?biblionumber=7624
_yKatalog online BPK